00322nam a2200109 a 450000500170000000800410001705000240005810000190008224500410010126000550014265000150019720140414132104.0100823s19uu xx 00 eng d aTR 600.22bN85 2001 aNovember, Alan aEmpowering students with technology. aThousands Oaks, California :bCorwin Press,c2001. aTechnology